Mosaic II : Listening- Speaking skills text

Gespeichert in:
Bibliographische Detailangaben
Format: Buch
Sprache:Undetermined
Schlagworte:
Tags: Tag hinzufügen
Keine Tags, Fügen Sie den ersten Tag hinzu!
Thư viện lưu trữ: Trung tâm Học liệu Trường Đại học Cần Thơ
LEADER 00530nam a2200157Ia 4500
001 CTU_118363
008 210402s9999 xx 000 0 und d
082 |a 428.0071 
082 |b M894L/Cas.3 
245 0 |a Mosaic II : 
245 0 |b Listening- Speaking skills text 
650 |a English language,Listening 
650 |x Spoken english 
904 |i M.Loan 
910 |i H.Mai chuyển số PL về 428.0071 dùng cho cả bộ, mã hóa cutter theo tên sách 
980 |a Trung tâm Học liệu Trường Đại học Cần Thơ